[Event "29th SPRING FESTIVAL -  BUDAPEST"]
[Site "Budapest"]
[Date "2012.03.22"]
[Round "5.9"]
[White "Juhasz, Armin"]
[Black "Domanski, Lukasz"]
[Result "1-0"]
[WhiteElo "2192"]
[BlackElo "1594"]
[PlyCount "137"]
[EventDate "2012.03.18"]

1. c4 e6 2. Nf3 d5 3. g3 Nf6 4. Bg2 Be7 5. O-O O-O 6. d4 c6 7. Nc3 Nbd7 8. b3
b6 9. Qc2 Ba6 10. Nd2 Rc8 11. Rd1 Qc7 12. e4 dxc4 13. Nxc4 e5 14. dxe5 Nxe5 15.
Nxe5 Qxe5 16. Bb2 Qc7 17. Ne2 Ng4 18. Bh3 h5 19. Nd4 Bc5 20. Bxg4 hxg4 21. Nf5
f6 22. b4 Be7 23. a4 Kh8 24. Nh4 Rfd8 25. Ng6+ Kg8 26. Rxd8+ Rxd8 27. Qxc6 Qd7
28. b5 Bb7 29. Qc4+ Kh7 30. Nxe7 Qxe7 31. Re1 Bd5 32. Qc2 Bf7 33. e5+ Bg6 34.
Qc3 Re8 35. Qd4 Qe6 36. Bc3 f5 37. a5 Rc8 38. Ba1 Rc5 39. axb6 axb6 40. Qd6
Qxd6 41. exd6 Rd5 42. Kg2 Rxd6 43. Re7 Kg8 44. Be5 Rd5 45. Rxg7+ Kf8 46. Rxg6
Rxe5 47. Rxb6 Ke7 48. Rb8 Kd7 49. b6 Kc6 50. h3 gxh3+ 51. Kxh3 Re2 52. Kg2 Re5
53. Kf3 Rb5 54. Rf8 Kd6 55. b7 Rxb7 56. Rxf5 Ke6 57. Ra5 Rb3+ 58. Kg4 Kf6 59.
Ra6+ Kg7 60. f4 Rc3 61. Kh4 Rc1 62. g4 Rc4 63. Kg5 Rc5+ 64. f5 Rb5 65. Ra7+ Kg8
66. Kg6 Rb6+ 67. f6 Rb8 68. Rg7+ Kf8 69. Rh7 1-0

[Event "29th SPRING FESTIVAL -  BUDAPEST"]
[Site "Budapest"]
[Date "2012.03.22"]
[Round "5.10"]
[White "Varga, Attila"]
[Black "Borda, Lajos"]
[Result "1-0"]
[WhiteElo "1758"]
[BlackElo "2135"]
[PlyCount "65"]
[EventDate "2012.03.18"]

1. d4 Nf6 2. Nf3 b5 3. c3 Bb7 4. Bf4 e6 5. e3 a6 6. Nbd2 c5 7. Bd3 Be7 8. O-O
Nh5 9. Bg3 Nxg3 10. hxg3 O-O 11. Rc1 f5 12. Qe2 d5 13. Ne5 Nd7 14. Nxd7 Qxd7
15. f4 c4 16. Bc2 a5 17. g4 b4 18. gxf5 exf5 19. Nf3 Bd6 20. Rcd1 Qe7 21. Qd2
a4 22. Kf2 a3 23. b3 bxc3 24. Qxc3 Bb4 25. Qa1 Rac8 26. Qb1 g6 27. Rh1 Kg7 28.
Rh3 Ba6 29. Ne5 h5 30. Rg3 cxb3 31. Rxg6+ Kh8 32. Bxb3 Rf6 33. Rh1 1-0

[Event "29th SPRING FESTIVAL -  BUDAPEST"]
[Site "Budapest"]
[Date "2012.03.22"]
[Round "5.11"]
[White "Bodrogi, Mihaly"]
[Black "Csati, Oliver"]
[Result "1/2-1/2"]
[WhiteElo "2076"]
[BlackElo "1972"]
[PlyCount "58"]
[EventDate "2012.03.18"]

1. Nf3 c5 2. e4 d6 3. b3 e5 4. Nc3 g6 5. Bb5+ Nc6 6. O-O Nge7 7. d3 Bg7 8. Bg5
f6 9. Bd2 a6 10. Bxc6+ Nxc6 11. Nd5 O-O 12. a4 Ne7 13. c4 Nxd5 14. cxd5 a5 15.
Be1 Bg4 16. h3 Bxf3 17. Qxf3 Bh6 18. Qd1 f5 19. Ra2 Bg5 20. Bd2 f4 21. Kh2 h5
22. Rg1 Bh4 23. Be1 Kh7 24. Bc3 Rf7 25. g4 f3 26. Qe1 Bg5 27. Bd2 h4 28. Qc1
Bxd2 29. Qxd2 g5 1/2-1/2

[Event "29th SPRING FESTIVAL -  BUDAPEST"]
[Site "Budapest"]
[Date "2012.03.22"]
[Round "5.12"]
[White "Marjanovics, Annamaria"]
[Black "Grimm, Gyorgy"]
[Result "1/2-1/2"]
[WhiteElo "1921"]
[BlackElo "2066"]
[PlyCount "65"]
[EventDate "2012.03.18"]

1. e4 d5 2. exd5 Qxd5 3. Nf3 Nf6 4. d4 Bg4 5. Be2 e6 6. h3 Bh5 7. O-O Nc6 8.
Be3 O-O-O 9. c3 h6 10. b4 g5 11. b5 Ne7 12. Ne5 Bxe2 13. Qxe2 Rh7 14. c4 Qe4
15. Nc3 Qh4 16. f4 Nf5 17. fxg5 hxg5 18. Nf3 Qh5 19. Bxg5 Nxd4 20. Nxd4 Qxg5
21. Nf3 Qh5 22. Ne4 Nxe4 23. Qxe4 Kb8 24. Rad1 Bc5+ 25. Kh1 Rhh8 26. Qe5 Bd6
27. Qxh5 Rxh5 28. Nd4 Kc8 29. Nb3 Rh7 30. Rde1 Bb4 31. Re4 Bc3 32. Re3 Bb2 33.
Re2 1/2-1/2

[Event "29th SPRING FESTIVAL -  BUDAPEST"]
[Site "Budapest"]
[Date "2012.03.22"]
[Round "5.13"]
[White "Lim, Kian Hwa"]
[Black "Cross, Ted"]
[Result "1-0"]
[WhiteElo "1839"]
[BlackElo "2041"]
[PlyCount "135"]
[EventDate "2012.03.18"]

1. e4 c5 2. Nc3 Nc6 3. g3 g6 4. Bg2 Bg7 5. d3 d6 6. Be3 Nf6 7. h3 O-O 8. Qd2
Nd4 9. Nd1 e5 10. c3 Nc6 11. Bh6 d5 12. Bxg7 Kxg7 13. exd5 Nxd5 14. Ne3 Be6 15.
Ne2 f5 16. f4 Qd7 17. O-O Rad8 18. fxe5 Nxe3 19. Qxe3 Qxd3 20. Qxd3 Rxd3 21.
Nf4 Bc4 22. Nxd3 Bxd3 23. Rfe1 Re8 24. Bxc6 bxc6 25. Rad1 c4 26. Kf2 Kf7 27. h4
a5 28. Kf3 a4 29. Kf4 h6 30. b3 Re7 31. bxc4 Bxc4 32. Rd4 Bb5 33. Rb4 a3 34. c4
Ba6 35. Ra4 Bc8 36. Rxa3 Be6 37. Rc3 Rd7 38. Ke3 Ra7 39. Re2 Ra4 40. Kd4 Ra5
41. Rb2 c5+ 42. Kd3 Ra7 43. Ke3 g5 44. hxg5 hxg5 45. Rcb3 Bxc4 46. Rb7+ Rxb7
47. Rxb7+ Ke6 48. a4 Kxe5 49. Re7+ Kd6 50. Rg7 f4+ 51. gxf4 gxf4+ 52. Kxf4 Bb3
53. Rg6+ Kd5 54. a5 Bc2 55. a6 Bxg6 56. a7 Bd3 57. a8=Q+ Kd4 58. Qa1+ Kd5 59.
Qe5+ Kc4 60. Ke3 Bh7 61. Kd2 Kb4 62. Qc3+ Kb5 63. Qb3+ Ka5 64. Qc4 Kb6 65. Qe6+
Ka5 66. Qc6 Bg8 67. Qxc5+ Ka4 68. Kc3 1-0

[Event "29th SPRING FESTIVAL -  BUDAPEST"]
[Site "Budapest"]
[Date "2012.03.22"]
[Round "5.15"]
[White "Opl, Klaus"]
[Black "Kun, Joan"]
[Result "0-1"]
[WhiteElo "2010"]
[BlackElo "1859"]
[PlyCount "130"]
[EventDate "2012.03.18"]

1. e4 c5 2. d4 cxd4 3. c3 dxc3 4. Nxc3 Nc6 5. Nf3 d6 6. Bc4 Nf6 7. O-O g6 8. e5
dxe5 9. Qxd8+ Nxd8 10. Nxe5 Bg7 11. Nb5 O-O 12. Be3 Ne4 13. Nf3 Nc6 14. Bd3 Nd6
15. Nxd6 exd6 16. Rab1 Be6 17. b3 Nb4 18. Be2 Nxa2 19. Bd2 Nc3 20. Bxc3 Bxc3
21. Rbc1 Rfc8 22. Rfd1 Bb4 23. Nd4 Rxc1 24. Rxc1 Rc8 25. Rxc8+ Bxc8 26. Bf3 a6
27. Bd5 Kg7 28. Kf1 Bc3 29. Ne2 Bf6 30. f4 b6 31. Ng3 Bc3 32. Ne4 Bb4 33. Ng5
f5 34. Ke2 a5 35. h3 h6 36. Ne6+ Kf6 37. Nc7 Bd7 38. Ke3 a4 39. bxa4 Bxa4 40.
Kd3 Bd7 41. Ke3 Ba3 42. Kd2 Ke7 43. Ke2 Bc5 44. Kd2 b5 45. Kd3 Bb6 46. Na6 Ba5
47. Nb8 Be1 48. Nxd7 Kxd7 49. Bf7 g5 50. fxg5 hxg5 51. Bg6 Ke6 52. Be8 b4 53.
Ba4 Ke5 54. Bb3 Kf4 55. Ke2 Bc3 56. Bd5 Ke5 57. Bb3 Kd4 58. Kf3 Bd2 59. Be6 f4
60. Kg4 Kc3 61. Kf3 b3 62. Ke2 Bc1 63. Kd1 Be3 64. Bf5 d5 65. Be6 d4 0-1

[Event "29th SPRING FESTIVAL -  BUDAPEST"]
[Site "Budapest"]
[Date "2012.03.22"]
[Round "5.16"]
[White "Simon, Lili"]
[Black "Polyanszky-Tamasi, Zoltan"]
[Result "1-0"]
[WhiteElo "1876"]
[BlackElo "1811"]
[PlyCount "135"]
[EventDate "2012.03.18"]

1. c4 Nf6 2. g3 e5 3. Bg2 Bc5 4. Nc3 c6 5. e3 Qe7 6. Nge2 d6 7. O-O Be6 8. b3
Na6 9. d4 Bb6 10. Ba3 Qd7 11. dxe5 dxe5 12. Qxd7+ Bxd7 13. Bd6 Bc7 14. Rfd1
O-O-O 15. Be7 Rde8 16. Bxf6 gxf6 17. Ne4 f5 18. Nf6 Rd8 19. Nxd7 Rxd7 20. Bh3
Rxd1+ 21. Rxd1 h6 22. Bxf5+ Kb8 23. Nc3 Rd8 24. Rxd8+ Bxd8 25. Kg2 Be7 26. Kf3
Nc7 27. Bd7 Ne6 28. Bxe6 fxe6 29. Kg4 Kc7 30. Kh5 Bf8 31. Ne4 b5 32. cxb5 cxb5
33. Nf6 Kc6 34. Nh7 Bb4 35. Kxh6 a5 36. h4 Be1 37. Kg6 Bxf2 38. h5 Bxe3 39. Ng5
Kd5 40. h6 e4 41. Kf7 Bxg5 42. h7 e3 43. h8=Q e2 44. Qc3 Ke4 45. Qc6+ Kd4 46.
Qd6+ Ke3 47. Qe5+ Kd2 48. Qxg5+ Kd1 49. Qg4 e5 50. Qh5 Kd2 51. Qh6+ Kc2 52. Qe3
Kd1 53. Qd3+ Ke1 54. Qxb5 e4 55. Qe5 Kd1 56. Qxe4 e1=Q 57. Qxe1+ Kxe1 58. g4
Kd2 59. g5 Kc3 60. g6 Kb2 61. g7 Kxa2 62. g8=Q Kxb3 63. Qb8+ Ka3 64. Qb1 a4 65.
Qa1+ Kb3 66. Ke6 a3 67. Kd5 Kb4 68. Qa2 1-0

[Event "29th SPRING FESTIVAL -  BUDAPEST"]
[Site "Budapest"]
[Date "2012.03.22"]
[Round "5.17"]
[White "Wiman, Kenneth"]
[Black "Allahverdi, Maryam"]
[Result "1/2-1/2"]
[WhiteElo "1918"]
[BlackElo "1807"]
[PlyCount "69"]
[EventDate "2012.03.18"]

1. d4 Nf6 2. c4 g6 3. Nc3 d5 4. cxd5 Nxd5 5. Qb3 Nxc3 6. bxc3 Bg7 7. Nf3 O-O 8.
e3 Nd7 9. Be2 c5 10. O-O a6 11. Ba3 Qa5 12. Rac1 Re8 13. Nd2 cxd4 14. Nc4 Qd8
15. cxd4 b5 16. Nd2 Bb7 17. Bf3 Bxf3 18. Nxf3 e6 19. Bd6 Rc8 20. Bf4 Qb6 21. h3
Qb7 22. Qb1 e5 23. dxe5 Nxe5 24. Nxe5 Bxe5 25. Bxe5 Rxe5 26. Rxc8+ Qxc8 27. Rc1
Rc5 28. Rxc5 Qxc5 29. Qe4 Qc1+ 30. Kh2 Qc7+ 31. g3 Qa5 32. Qe8+ Kg7 33. Qe5+
Kg8 34. Qe8+ Kg7 35. Qe5+ 1/2-1/2

[Event "29th SPRING FESTIVAL -  BUDAPEST"]
[Site "Budapest"]
[Date "2012.03.22"]
[Round "5.18"]
[White "Kutschker, Alexander"]
[Black "Marcu, Simon"]
[Result "0-1"]
[WhiteElo "1778"]
[BlackElo "1910"]
[PlyCount "128"]
[EventDate "2012.03.18"]

1. c4 f5 2. Nc3 e6 3. e4 fxe4 4. Nxe4 Nf6 5. d3 Be7 6. Nxf6+ Bxf6 7. Qh5+ g6 8.
Qh6 Qe7 9. a3 Bg7 10. Qf4 e5 11. Qf3 Nc6 12. Ne2 d6 13. h4 h6 14. h5 Rf8 15.
Qg3 g5 16. Be3 Be6 17. O-O-O e4 18. d4 Bxc4 19. Nc3 Bb3 20. Rd2 O-O-O 21. Qg4+
Be6 22. Qxe4 d5 23. Qc2 Kb8 24. Bb5 Na5 25. Qa4 b6 26. b4 Nc4 27. Bxc4 dxc4 28.
Nb5 c6 29. Nc3 b5 30. Qc2 Bf5 31. Qb2 Bd3 32. Ne2 Qe4 33. Rg1 Qg4 34. Ng3 Bxd4
35. Bxd4 Rxd4 36. Re1 c3 37. Qxc3 Rc4 38. Rxd3 Rxf2 39. Re8+ Kc7 40. Re7+ Kb6
41. Re4 Rf4 42. Rxc4 Rxc4 43. Kc2 Qf4 44. Rf3 Qe5 45. Kb3 Rxc3+ 46. Rxc3 Qd5+
47. Kb2 Qxg2+ 48. Kb1 a5 49. Kc1 axb4 50. axb4 Qf2 51. Rb3 Kc7 52. Kd1 Qa2 53.
Re3 Qb1+ 54. Ke2 Qxb4 55. Re8 Qc4+ 56. Ke1 Qh4 57. Kf2 g4 58. Re3 b4 59. Ke2 c5
60. Kd3 Qd8+ 61. Kc2 c4 62. Nf5 Qd5 63. Ng7 Qg2+ 64. Kb1 Qg1+ 0-1

[Event "29th SPRING FESTIVAL -  BUDAPEST"]
[Site "Budapest"]
[Date "2012.03.22"]
[Round "5.19"]
[White "Mihaly, Zoltan"]
[Black "Pogats, Jozsef Jr"]
[Result "0-1"]
[WhiteElo "1803"]
[BlackElo "1781"]
[PlyCount "162"]
[EventDate "2012.03.18"]

1. c4 Nf6 2. g3 g6 3. d4 Bg7 4. Nc3 c5 5. d5 d6 6. Bg2 O-O 7. Nf3 Na6 8. O-O
Rb8 9. Nb5 Qb6 10. Rb1 Bf5 11. Ra1 Nc7 12. Nc3 Bd7 13. e4 Na8 14. Rb1 Qd8 15.
Bf4 Nh5 16. Bd2 a6 17. Qc1 b5 18. b3 Nb6 19. Ne2 b4 20. Bh6 Nf6 21. Bxg7 Kxg7
22. Qb2 Kg8 23. Nd2 a5 24. f4 a4 25. Qc2 a3 26. Qd3 e6 27. e5 dxe5 28. fxe5 Ng4
29. d6 Nxe5 30. Qe3 Nc6 31. Qxc5 Qc8 32. Qe3 e5 33. c5 Na8 34. Bd5 Be6 35. Qf3
Nd4 36. Nxd4 Qxc5 37. Qf2 Bxd5 38. Ne2 Qxd6 39. Rbd1 Qb6 40. h3 Qxf2+ 41. Rxf2
e4 42. Rf4 e3 43. Nf1 Bc6 44. Nxe3 Rbe8 45. Kf2 Nc7 46. Rxb4 Rxe3 47. Kxe3 Nd5+
48. Rxd5 Bxd5 49. Nf4 Bc6 50. Rc4 Re8+ 51. Kd2 Rd8+ 52. Kc3 Bd7 53. Rd4 Rc8+
54. Kb4 Bf5 55. Kxa3 g5 56. Nd5 Ra8+ 57. Kb2 Bxh3 58. a3 f5 59. Nc7 Rc8 60. Ne6
h6 61. Rd6 Kf7 62. Nd4 h5 63. Rh6 Bg4 64. Ne6 Rg8 65. Nc5 Rg6 66. Rh7+ Rg7 67.
Rh8 Rg8 68. Rxg8 Kxg8 69. Kc2 f4 70. gxf4 h4 71. Kd2 gxf4 72. Nd3 h3 73. Ke1 h2
74. Nf2 Bf3 75. a4 h1=Q+ 76. Nxh1 Bxh1 77. b4 Kf7 78. a5 Ke7 79. b5 Kd7 80. Kf2
Kd6 81. Ke2 Be4 0-1

[Event "29th SPRING FESTIVAL -  BUDAPEST"]
[Site "Budapest"]
[Date "2012.03.22"]
[Round "5.20"]
[White "Czipp, Janos"]
[Black "Dlauchy, Peter"]
[Result "0-1"]
[WhiteElo "1426"]
[BlackElo "1832"]
[PlyCount "104"]
[EventDate "2012.03.18"]

1. d4 Nf6 2. Nf3 d5 3. c3 e6 4. Bg5 Be7 5. e3 Nbd7 6. Nbd2 O-O 7. Bd3 h6 8. Bh4
b6 9. Rc1 Bb7 10. Bb1 Re8 11. O-O c5 12. Ne5 Rc8 13. f3 Nxe5 14. dxe5 Nd7 15.
Bg3 g6 16. Qe2 Bf8 17. Nb3 Bg7 18. f4 Nb8 19. Rcd1 Ba6 20. Qg4 Bxf1 21. Kxf1
Qe7 22. Nd2 Nc6 23. Nf3 Qf8 24. Bc2 a6 25. h4 h5 26. Qh3 Ne7 27. Bf2 Red8 28.
Bd3 b5 29. Be2 Nf5 30. Ng5 Qe7 31. Bf3 a5 32. g3 b4 33. g4 hxg4 34. Bxg4 f6 35.
Nf3 bxc3 36. bxc3 Kf7 37. Ke2 Rh8 38. Qf1 Rb8 39. Rd2 Qb7 40. Ke1 Qb1+ 41. Rd1
Qxa2 42. exf6 Bxf6 43. Ng5+ Ke7 44. Qd3 c4 45. Qd2 Rb2 46. e4 Rxd2 47. Bc5+ Kd7
48. exf5 gxf5 49. Bf3 Bxc3 50. Rxd2 Qxd2+ 51. Kf1 Rxh4 52. Bf2 Rxf4 0-1

[Event "29th SPRING FESTIVAL -  BUDAPEST"]
[Site "Budapest"]
[Date "2012.03.23"]
[Round "6.1"]
[White "Horvath, David"]
[Black "Hujbert, Florian"]
[Result "1/2-1/2"]
[WhiteElo "2389"]
[BlackElo "2429"]
[PlyCount "54"]
[EventDate "2012.03.18"]

1. c4 c5 2. Nc3 Nf6 3. Nf3 g6 4. g3 b6 5. Bg2 Bb7 6. O-O Bg7 7. d3 O-O 8. a3
Nc6 9. Rb1 d5 10. cxd5 Nxd5 11. Bd2 Nc7 12. Qa4 Nd4 13. Nxd4 Bxg2 14. Nc6 Bxc6
15. Qxc6 Ne6 16. Qa4 Nd4 17. Be3 Qc8 18. Rfc1 Qe6 19. Bxd4 Bxd4 20. e3 Bg7 21.
Qe4 Qxe4 22. Nxe4 Rfd8 23. Rd1 Rd7 24. Kf1 Rad8 25. Ke2 h6 26. Nc3 e6 27. Rbc1
Bxc3 1/2-1/2

[Event "29th SPRING FESTIVAL -  BUDAPEST"]
[Site "Budapest"]
[Date "2012.03.23"]
[Round "6.3"]
[White "Brustkern, Juergen"]
[Black "Bach, Matthias"]
[Result "1-0"]
[WhiteElo "2237"]
[BlackElo "2263"]
[PlyCount "69"]
[EventDate "2012.03.18"]

1. e4 d6 2. d4 Nd7 3. c3 c5 4. f4 g6 5. Nf3 Bg7 6. Bd3 e6 7. O-O cxd4 8. cxd4
Ne7 9. Nc3 Nb6 10. Kh1 a6 11. Qe2 d5 12. e5 Bd7 13. Nd1 Nc6 14. Bd2 Nc8 15. Ne3
N8e7 16. Bc3 Qb6 17. b4 Rc8 18. Rfc1 Nf5 19. Ng4 h5 20. Nf6+ Bxf6 21. exf6 Qd8
22. a4 b5 23. axb5 axb5 24. Bxb5 Nd6 25. Bd3 Nc4 26. Bxc4 dxc4 27. d5 Nb8 28.
Ng5 O-O 29. dxe6 Bxe6 30. Nxe6 fxe6 31. Qxe6+ Rf7 32. Ra7 Rcc7 33. Rxc7 Qxc7
34. Be5 Qd7 35. Qxc4 1-0

[Event "29th SPRING FESTIVAL -  BUDAPEST"]
[Site "Budapest"]
[Date "2012.03.23"]
[Round "6.4"]
[White "Kubacsny, Laszlo"]
[Black "Juracsik, Jozsef"]
[Result "1/2-1/2"]
[WhiteElo "2256"]
[BlackElo "2136"]
[PlyCount "118"]
[EventDate "2012.03.18"]

1. e4 c5 2. Nf3 d6 3. d4 cxd4 4. Nxd4 Nf6 5. Nc3 a6 6. Be3 e5 7. Nb3 Be6 8. Qd2
Nbd7 9. f3 Rc8 10. g4 b5 11. g5 Nh5 12. O-O-O Qc7 13. Nd5 Bxd5 14. exd5 Be7 15.
Bh3 O-O 16. Na5 f5 17. gxf6 Bxf6 18. Nc6 Nf4 19. Bxf4 exf4 20. Rhe1 Ra8 21.
Bxd7 Qxd7 22. Re6 a5 23. Rde1 b4 24. R1e4 Qf7 25. Rxd6 Qh5 26. Qe2 a4 27. Nxb4
a3 28. b3 Qg6 29. Rde6 Qg1+ 30. Qe1 Qxh2 31. Re8 h5 32. Rxa8 Rxa8 33. Nd3 Rc8
34. Re8+ Rxe8 35. Qxe8+ Kh7 36. Qe4+ Kh6 37. Nxf4 Qg1+ 38. Kd2 h4 39. Ne2 Qg5+
40. Qe3 h3 41. Ng3 Be5 42. Qxg5+ Kxg5 43. Nh1 Kf4 44. Ke2 Bd6 45. c3 Ke5 46.
Ke3 g5 47. b4 Kxd5 48. Kd3 Ke5 49. Nf2 h2 50. Ke3 Kd5 51. Kd3 Bg3 52. Nh1 Be1
53. b5 Kc5 54. c4 Ba5 55. Nf2 Kb4 56. Nh1 Bb6 57. Ng3 Ka5 58. Kc3 Bc5 59. Kb3
Kb6 1/2-1/2

[Event "29th SPRING FESTIVAL -  BUDAPEST"]
[Site "Budapest"]
[Date "2012.03.23"]
[Round "6.5"]
[White "Koczo, Kristof"]
[Black "Szalanczy, Emil"]
[Result "1-0"]
[WhiteElo "2219"]
[BlackElo "2237"]
[PlyCount "129"]
[EventDate "2012.03.18"]

1. d4 c5 2. d5 Nf6 3. c4 g6 4. Nc3 Bg7 5. e4 O-O 6. Bg5 d6 7. h3 e6 8. Bd3 Re8
9. Nf3 h6 10. Be3 Na6 11. Rc1 Nc7 12. O-O a6 13. a4 Rb8 14. Qd2 exd5 15. exd5
Kh7 16. a5 Re7 17. Na4 Nce8 18. Rce1 Bf5 19. Bxf5 gxf5 20. Nh4 Re4 21. Nxf5 Qd7
22. Nxg7 Qxa4 23. Bxh6 Qxc4 24. Qg5 Rxe1 25. Rxe1 Qxd5 26. Qxd5 Nxd5 27. Rxe8
Rxe8 28. Nxe8 Kxh6 29. Nxd6 b5 30. axb6 Nxb6 31. Nxf7+ Kg6 32. Nd6 c4 33. Kf1
Kf6 34. Ne4+ Ke5 35. Nc3 Nd7 36. Ke2 Nc5 37. Ke3 Nd3 38. b3 Ne1 39. f4+ Kd6 40.
bxc4 Nxg2+ 41. Ke4 Kc5 42. f5 a5 43. f6 Nh4 44. Nd5 Ng6 45. Kd3 a4 46. Kc3 a3
47. Nb4 Kd6 48. Kb3 Ke6 49. Nd5 Ne5 50. Ne3 Nc6 51. Kxa3 Kxf6 52. Ka4 Ke5 53.
Kb5 Nd4+ 54. Kb6 Kf4 55. Ng2+ Ke4 56. c5 Kd5 57. h4 Ne6 58. c6 Kd6 59. h5 Ke5
60. c7 Nxc7 61. Kxc7 Kf5 62. Nf4 Kg5 63. Kd6 Kh6 64. Ke6 Kg5 65. Ke5 1-0

[Event "29th SPRING FESTIVAL -  BUDAPEST"]
[Site "Budapest"]
[Date "2012.03.23"]
[Round "6.6"]
[White "Farkas, Richard"]
[Black "Lim, Kian Hwa"]
[Result "1-0"]
[WhiteElo "2121"]
[BlackElo "1839"]
[PlyCount "97"]
[EventDate "2012.03.18"]

1. e4 e5 2. Nf3 Nc6 3. Bb5 a6 4. Bxc6 dxc6 5. O-O f6 6. d4 exd4 7. Nxd4 c5 8.
Nb3 Qxd1 9. Rxd1 Bd6 10. Na5 b5 11. a4 Ne7 12. Na3 Rb8 13. axb5 axb5 14. c4 Bg4
15. f3 Bd7 16. cxb5 Bxb5 17. Nxb5 Rxb5 18. Nc4 Nc8 19. Nxd6+ cxd6 20. Rxd6 Nxd6
21. Ra8+ Kd7 22. Rxh8 Nc4 23. Rxh7 Nxb2 24. Rxg7+ Kc6 25. Bxb2 Rxb2 26. Kf1 c4
27. Ke1 Kc5 28. h4 Kd4 29. h5 Ke3 30. Kd1 Kd3 31. Rd7+ Ke3 32. Rg7 Kd3 33. Kc1
Rc2+ 34. Kb1 Rf2 35. h6 Kc3 36. h7 Rf1+ 37. Ka2 Rf2+ 38. Ka3 Rf1 39. Ka4 Ra1+
40. Kb5 Rb1+ 41. Kc5 Rh1 42. f4 Kd3 43. Rg3+ Kd2 44. Rh3 Rxh3 45. gxh3 c3 46.
h8=Q c2 47. Qd8+ Ke2 48. Qd4 c1=Q+ 49. Qc4+ 1-0

[Event "29th SPRING FESTIVAL -  BUDAPEST"]
[Site "Budapest"]
[Date "2012.03.23"]
[Round "6.7"]
[White "Piroska, Istvan"]
[Black "Varga, Attila"]
[Result "1-0"]
[WhiteElo "2082"]
[BlackElo "1758"]
[PlyCount "87"]
[EventDate "2012.03.18"]

1. e4 e6 2. d4 Nf6 3. Nc3 d5 4. Bg5 Be7 5. e5 Nfd7 6. Bxe7 Qxe7 7. f4 a6 8. Nf3
c5 9. dxc5 Qxc5 10. Qd2 Nc6 11. Bd3 b5 12. O-O-O Nb6 13. Rhe1 Qb4 14. Kb1 Nc4
15. Bxc4 bxc4 16. Ka1 Rb8 17. Rb1 g6 18. Red1 Qa5 19. a3 Qc5 20. g4 h5 21. h3
Kd8 22. Ne4 Qa5 23. Qxa5+ Nxa5 24. Nd6 Ke7 25. Ng5 f6 26. exf6+ Kxf6 27. Ndf7
Rf8 28. Ne5 Rb6 29. Nh7+ Kg7 30. Nxf8 Kxf8 31. Nxg6+ Kg7 32. Ne5 Nc6 33. Nxc6
Rxc6 34. Re1 Rc7 35. Re5 hxg4 36. hxg4 Rf7 37. Rf1 Kf6 38. Rg5 Ke7 39. Rg8 Bd7
40. g5 e5 41. g6 Rf6 42. Rg7+ Kd8 43. Rg1 exf4 44. Rxd7+ 1-0

[Event "29th SPRING FESTIVAL -  BUDAPEST"]
[Site "Budapest"]
[Date "2012.03.23"]
[Round "6.8"]
[White "Marjanovics, Gyorgy"]
[Black "Zentai, Peter"]
[Result "0-1"]
[WhiteElo "2116"]
[BlackElo "2269"]
[PlyCount "98"]
[EventDate "2012.03.18"]

1. e4 e6 2. d4 d5 3. Nc3 Nc6 4. e5 b6 5. f4 Nge7 6. Nf3 Nf5 7. Bb5 Bd7 8. Bxc6
Bxc6 9. Qd3 h5 10. Be3 Qd7 11. a3 Be7 12. g3 Bb7 13. Bf2 c5 14. h3 a5 15. a4
Ba6 16. Qd2 Rc8 17. Ne2 cxd4 18. Nfxd4 Nxd4 19. Nxd4 Rc4 20. O-O Rxa4 21. Rxa4
Qxa4 22. Re1 g6 23. c3 Qc4 24. Ra1 Kd7 25. Qc2 Rc8 26. Be3 Qd3 27. Qxd3 Bxd3
28. h4 Be4 29. Kf2 Rb8 30. Bd2 Rc8 31. Ke2 Kc7 32. Nb5+ Kb7 33. b4 Ra8 34. bxa5
bxa5 35. Nd6+ Bxd6 36. exd6 Kc6 37. c4 a4 38. cxd5+ exd5 39. Bb4 Kd7 40. Kd2
Ra7 41. Kc3 Ra8 42. Kd2 Ke6 43. Ba3 Rc8 44. Rc1 Rxc1 45. Kxc1 Bf5 46. Bc5 Kd7
47. Kb2 Kc6 48. Bb4 Kb5 49. Ka3 Bd7 0-1

[Event "29th SPRING FESTIVAL -  BUDAPEST"]
[Site "Budapest"]
[Date "2012.03.23"]
[Round "6.9"]
[White "Grimm, Gyorgy"]
[Black "Bodrogi, Mihaly"]
[Result "1/2-1/2"]
[WhiteElo "2066"]
[BlackElo "2076"]
[PlyCount "167"]
[EventDate "2012.03.18"]

1. e4 c5 2. Nf3 d6 3. d4 cxd4 4. Nxd4 Nf6 5. Nc3 g6 6. Be3 Bg7 7. f3 Nc6 8. Qd2
O-O 9. O-O-O Nxd4 10. Bxd4 Be6 11. Kb1 Qc7 12. g4 Rfc8 13. h4 Qa5 14. Nd5 Qxd2
15. Nxf6+ Bxf6 16. Rxd2 Bxd4 17. Rxd4 Rc5 18. Rh2 Rac8 19. b3 Kg7 20. Rdd2 h6
21. Be2 g5 22. hxg5 hxg5 23. Bd1 Rg8 24. Rd3 Kf6 25. Kc1 Ke5 26. Kd2 Kf4 27.
Ke1 Rcc8 28. Kf2 Rh8 29. Rxh8 Rxh8 30. a4 a5 31. Kg2 Rc8 32. Kf2 Rc5 33. c4 Rc8
34. Kg2 Bd7 35. Kf2 Bc6 36. Kg2 Rh8 37. Be2 Ke5 38. Kg1 e6 39. Kf2 Rh2+ 40. Ke3
d5 41. exd5 exd5 42. cxd5 Bxd5 43. Rc3 b6 44. Bc4 Bxf3 45. Bxf7 Bxg4 46. Rc6
Rh3+ 47. Kd2 Rf3 48. Bc4 Rf6 49. Rc7 Be6 50. Ke3 Bxc4 51. Rxc4 Rf4 52. Rc8 Rb4
53. Rc3 Rh4 54. Kf2 Kd5 55. Kg3 Rd4 56. Kf2 Ke4 57. Re3+ Kf4 58. Rf3+ Kg4 59.
Rc3 Rd2+ 60. Ke3 Rb2 61. Ke4 Rf2 62. Kd5 Rf3 63. Rc4+ Rf4 64. Kc6 Kf5 65. Kxb6
Rxc4 66. bxc4 g4 67. c5 g3 68. c6 g2 69. c7 g1=Q+ 70. Kb7 Qg7 71. Kb8 Qb2+ 72.
Ka7 Qc3 73. Kb7 Qb4+ 74. Ka7 Qc5+ 75. Kb7 Ke5 76. c8=Q Qxc8+ 77. Kxc8 Kd5 78.
Kd7 Kd4 79. Kd6 Kc4 80. Ke5 Kb4 81. Kd4 Kxa4 82. Kc3 Ka3 83. Kc2 Ka2 84. Kc1
1/2-1/2

[Event "29th SPRING FESTIVAL -  BUDAPEST"]
[Site "Budapest"]
[Date "2012.03.23"]
[Round "6.10"]
[White "Kun, Joan"]
[Black "Gal, Hanna Krisztina"]
[Result "1/2-1/2"]
[WhiteElo "1859"]
[BlackElo "2057"]
[PlyCount "37"]
[EventDate "2012.03.18"]

1. d4 d5 2. Nf3 Nf6 3. Bf4 c5 4. c3 Nc6 5. e3 Qb6 6. Qb3 c4 7. Qxb6 axb6 8.
Nbd2 b5 9. Be2 Bf5 10. O-O h6 11. Ne5 Nd8 12. f3 e6 13. g4 Bh7 14. Bg3 Be7 15.
a3 Nd7 16. Nxd7 Kxd7 17. e4 Nc6 18. Rad1 Bd6 19. Bxd6 1/2-1/2

[Event "29th SPRING FESTIVAL -  BUDAPEST"]
[Site "Budapest"]
[Date "2012.03.23"]
[Round "6.11"]
[White "Csati, Oliver"]
[Black "Marjanovics, Annamaria"]
[Result "0-1"]
[WhiteElo "1972"]
[BlackElo "1921"]
[PlyCount "56"]
[EventDate "2012.03.18"]

1. e4 e5 2. Nf3 Nc6 3. d4 exd4 4. Nxd4 Nf6 5. Nxc6 bxc6 6. e5 Qe7 7. Qe2 Nd5 8.
c4 Nb6 9. Nd2 a5 10. b3 a4 11. Bb2 axb3 12. axb3 Rxa1+ 13. Bxa1 Qa3 14. Qd1 Bb4
15. Bd3 Qa2 16. Bc2 Qa5 17. Ke2 O-O 18. Ne4 d5 19. exd6 cxd6 20. Qd4 f6 21. Bb2
Re8 22. Ra1 Qh5+ 23. Kf1 Nd7 24. Kg1 Ne5 25. Bd1 Qg6 26. Nxd6 Bxd6 27. Qxd6 Bh3
28. g3 Qe4 0-1

[Event "29th SPRING FESTIVAL -  BUDAPEST"]
[Site "Budapest"]
[Date "2012.03.23"]
[Round "6.12"]
[White "Horvath, Jeno Kalman"]
[Black "Simon, Lili"]
[Result "1/2-1/2"]
[WhiteElo "2029"]
[BlackElo "1876"]
[PlyCount "25"]
[EventDate "2012.03.18"]

1. e4 e5 2. Nf3 Nc6 3. Be2 g6 4. d4 exd4 5. Nxd4 Bg7 6. Be3 Nf6 7. Nc3 d6 8.
Qd2 Ng4 9. Nxc6 bxc6 10. Bxg4 Bxg4 11. Bd4 O-O 12. Bxg7 Kxg7 13. Qd4+ 1/2-1/2

[Event "29th SPRING FESTIVAL -  BUDAPEST"]
[Site "Budapest"]
[Date "2012.03.23"]
[Round "6.13"]
[White "Schatzer, Andras"]
[Black "Borda, Lajos"]
[Result "1/2-1/2"]
[WhiteElo "1782"]
[BlackElo "2135"]
[PlyCount "59"]
[EventDate "2012.03.18"]

1. Nf3 Nf6 2. c4 c5 3. g3 g6 4. b3 Bg7 5. Bb2 O-O 6. Bg2 d6 7. O-O Nc6 8. Nc3
Rb8 9. d4 cxd4 10. Nxd4 Nxd4 11. Qxd4 b6 12. e4 Bb7 13. Qd2 Ne8 14. Nb5 Bxb2
15. Qxb2 a6 16. Nc3 e6 17. Rad1 Qc7 18. Rd2 Bc6 19. Rfd1 b5 20. cxb5 axb5 21.
Rc1 Qb7 22. b4 f5 23. Qb3 Rf6 24. e5 dxe5 25. Bxc6 Qxc6 26. Rdc2 Rf7 27. a4
bxa4 28. Nxa4 Qd5 29. Qa3 Qb5 30. Nc5 1/2-1/2

[Event "29th SPRING FESTIVAL -  BUDAPEST"]
[Site "Budapest"]
[Date "2012.03.23"]
[Round "6.14"]
[White "Letay, Gyula"]
[Black "Pogats, Jozsef Jr"]
[Result "1-0"]
[WhiteElo "1967"]
[BlackElo "1781"]
[PlyCount "60"]
[EventDate "2012.03.18"]

1. e4 c5 2. Nc3 Nc6 3. g3 g6 4. Bg2 Bg7 5. d3 d6 6. Be3 e6 7. Qd2 Qa5 8. Nge2
Nd4 9. Nc1 Ne7 10. O-O Nec6 11. Nb3 Qd8 12. Nd1 Nxb3 13. axb3 O-O 14. c3 e5 15.
f4 Rb8 16. f5 f6 17. fxg6 hxg6 18. Nf2 Be6 19. h3 b6 20. g4 d5 21. Bh6 d4 22.
Bxg7 Kxg7 23. b4 a5 24. b5 Ne7 25. Nh1 Qd7 26. c4 Ng8 27. Ng3 Nh6 28. Rae1 f5
29. exf5 gxf5 30. g5 Ng8 1-0